000 00297nam a2200109Ia 4500
008 200302s9999 xx 000 0 und d
100 _aClaude Batley, F. R. I. B. A.
245 _aThe Design Development of Indian Architecture
260 _bTaraporevala Sons & Co.
260 _c1994
300 _a96 P.,
999 _c887
_d887